MDQL
is popping MORE tags! Check the
thread
!
Quizzes
Events
Quiz Creation
Community
Videos
Private Events
Remove Ads
Sign In
Join for FREE
Feedback
Dark Mode
Quiz Categories
Sports
Geography
Music
Movies
Television
Just For Fun
Miscellaneous
History
Literature
Language
Science
Gaming
Entertainment
Religion
Holiday
For Kids
Quiz Lab
Recent
Popular Today
Quiz Kudos Today
Editor Picks
Curator Picks
Quizzes by...
Day
Popularity
Type
Ratings
Length
Year
Community
Subscriptions
Recent Discussions
Orange Saloon
Badges
Playlists
Quests
Create
Leaderboards
Showdown
Live 5
Trivia Bingo
Activity
Puzzle Library
Sporcle Events
Private Events
Virtual Trivia
Globe League
Become a Host
Pub Owners
SporcleCon
Opinionation
Our Games
Videos
Blog
Mobile Apps
Partnerships
Remove Ads and Go Orange
Feedback
Movies
Disney
Marvel Cinematic Universe
Movie Resume
Movie Titles
Oscar
Actor
Actress
Director
Pixar
Role
Movie Quotes
Movie Characters
Box Office
Nominee
Best Picture
Star Wars
James Bond
Horror Movies
Movies
Disney
Marvel Cinematic Universe
Movie Resume
Movie Titles
Oscar
Actor
Actress
Director
Pixar
Role
Movie Quotes
Movie Characters
Box Office
Nominee
Best Picture
Star Wars
James Bond
Horror Movies
Random Quiz
Search Sporcle
×
Quiz Lab
Quiz Lab
Movies
Actress
Type in answers that appear in a list
Type in answers that appear in a list
Classic
Best Score? Go Orange.
Best Actress by other nominations Stats
Can you name the Best Actress by other nominations they received?
By
sobdennis
10m
47 Questions
137 Plays
137 Plays
137 Plays
Comments
Comments
Give Quiz Kudos
Give Quiz Kudos
-
- Ratings
hide this ad
More Info
Random Order
Randomize order of answers
Randomize order of answers
Replay
Link that replays current quiz
Next Quiz
Link to next quiz in quiz playlist
You Got
0%
They Got
Avg Score
66%
Avg Friend Score
Upgrade to see
Score Distribution
Jump to the score distribution portion of the page
Score
0/47
Timer
10:00
0
Plays Today
nominated for
Actress
% Correct
Julie and Julia, Doubt., The French Lieutenant's Woman, Silkwood, Out of Africa, Ironweed, A Cry in the Dark, Postcards From the Edge, The Bridges of Madison County, One True Thing
Meryl Streep
96.4%
Titanic, Eternal Sunshine of the Spotless Mind, Little Children
Kate Winslet
96.4%
Sabrina, The Nun's Story, Breakfast at Tiffanys, Wait Until Dark
Audrey Hepburn
94.9%
Alice Adams, The Philadelphia Story, Woman of the Year,, The African Queen, Summertime, The Rainmaker, Suddenly Last Summer, Long Days Journey into Night
Katherine Hepburn
93.4%
Pretty Woman
Julia Roberts
93.4%
The Sound of Music, Victor/
Victoria
Julie Andrews
92%
Atlantic City, Thelma and Louise, Lorenzo's Oil, The Client
Susan Sarandon
92%
Moulin Rouge
Nicole Kidman
90.5%
The Remains of the Day, Sense and Sensibility
Emma Thompson
86.1%
Bonnie and Clyde, Chinatown
Faye Dunaway
86.1%
Dark Victory, The Letter, the Little Foxes, Now Voyager,Mr Skeffington, All About Eve, The Star, Whatever Happened to Baby Jane
Bette Davis
85.4%
Carrie, Missing, The River, Crimes of the Heart, In the Bedroom
Sissy Spacek
85.4%
The Way We Were
Barbra Streisand
84.7%
Reds, Marvin's Room, Something's Gotta Give
Diane Keaton
83.9%
Nell
Jodie Foster
83.9%
Raintree County, Cat on a Hot Tin Roof, Suddenly Last Summer
Elizabeth Taylor
78.8%
The Pumpkin Eater, The Graduate, The Turning Point, Agnes of God
Anne Bancroft
78.1%
Broadcast News
Holly Hunter
78.1%
North Country
Clarise Theron
75.2%
They Shoot Horses Don't they, Julia, The China Syndrome, The Morning After
Jane Fonda
74.5%
Away From Her, McCabe and Mrs Miller, Afterglow
Julie Christie
71.5%
For Whom the Bell Tolls, The Bells of St Marys, Joan of Arc, Autumn Sonata
Ingrid Bergman
71.5%
The Exorcist, Same Time Next Year,Resurrection, Requiem for a Dream
Ellen Burstyn
71.5%
Some Came Running, The Apartment, Irma La Douce, The Turning Point
Shirley MacLaine
70.1%
nominated for
Actress
% Correct
The Last Station,
Helen Mirren
65.7%
Frances, Country, Sweet Dreams, Music Box
Jessica Lange
62%
Rebecca, The Constant Nymph
Joan Fontaine
58.4%
Marriage Italian Style,
Sophia Loren
56.2%
Travels With My Aunt
Maggie Smith
55.5%
Goodbye Mr. Chips, Blossoms in the Dust, Madame Curie,Mrs Parkington, The Valley of Decision, Sunrise at Campabello
Greer Garson
54.7%
Love Letters, Duel in the Sun, Love is a Many Splendered Thing
Jennifer Jones
54.7%
Hold Back the Dawn, The Snake Pit
Olivia De Havilland
53.3%
Posessed , Sudden Fear
Joan Crawford
53.3%
Summer and Smoke, Sweet Bird of Youth, Interiors
Geraldine Page
53.3%
Rachel Rachel, Summer Wishes Winter Dreams,Mr and Mrs Bridge
Joanne Woodward
52.6%
Sunday Bloody Sunday, Hedda
Glenda Jackson
52.6%
The Sterile Cuckoo
Liza Minnelli
50.4%
Their Own Desire, A Free Soul, The Barretts of Wimpole Street,Romeo and Juliet, Marie Antoinette
Norma Shearer
44.5%
Smash up-
the Story of a Woman, My Foolish Heart, With a Song in My Heart, I'll Cry Tomorrow
Susan Hayward
44.5%
The Yearling, The Blue Veil, Magnificent Obsession
Jane Wyman
43.8%
A Star is Born
Janet Gaynor
42.3%
Ship of Fools
Simone Signoret
40.1%
Come to the Stable
Loretta Young
38.7%
The Subject was Roses
Patricia Neal
38.7%
Wild is the Wind
Anna Magnani
36.5%
Private Worlds, Since You Went Away
Claudette Colbert
35.8%
Emma
Marie Dressler
28.5%
Quiz Playlist
Details
Report
Send in Message
Add To Playlist
More Info:
Nominations are only for Best Actress. If an actress received only one nomination, she is not included.
Classic:
Type in answers that appear in a list
Random Order:
Randomize order of answers
Last Updated: Feb 16, 2017
Quiz Scoreboard
CHALLENGE
Sign Up to Join the Scoreboard
Show All
Scores
Hide
Comments
May contain spoilers
Recently Published
1-10 Letter E Words III
by El_Dandy
Language
2m
Street Fighter Characters
by Artimus82
Gaming
60s
College Basketball Coaching Resumes
by pancakes188
Sports
9m
More to Explore
Quiz From the Vault
Featured Blog Post
Where Did the Easter Bunny Come From?
hide this ad
You Might Also Like...
Tags
Actress Quiz
nomination
Received
Won
Today's Top Quizzes in Movies
Browse Movies
hide this ad
Today's Top Quizzes in Actress
Browse Actress
Top Contributed Quizzes in Movies
1
Pick 5 Posters: Directed by Spielberg
2
7-to-1: Pixar Characters
3
Hidden Star Wars Character II
4
Hidden Star Wars Character III
5
Pick 5 Posters: Lowest-Rated Spielberg
6
Sorting Actresses
7
Sorting Actors
8
Hidden Star Wars Character IV
9
Hidden Star Wars Character V
10
Pick 5 Posters: Directed by Scorsese
Explore More
Trending Topics
Anime
NBA
Harry Potter
Marvel
Kpop
Disney
Crossword
WWE
The Office
Puzzle
Country
Song
Soccer
Pokémon
NFL
hide this ad
More By:
sobdennis
Quiz
Plays
Rating
Category
Featured
Created
World Series Sweeps
31,745
4.35
Sports
Nov 1, 2010
Oscar Winner By Role II
19,107
4.24
Movies
Aug 1, 2010
One party states
1,943
3.45
History
Jun 11, 2010
200 wins no Cy Young
609
4.18
Sports
Nov 1, 2010
us open golf courses
568
1.00
Sports
Jun 13, 2010
Go to Creator's Profile
Score Distribution
Quiz Creator Spotlight
sobdennis
Follow
Send a Message
Quizzes Created
-
Created Quiz Play Count
-
More By This Creator
Popular Quizzes Today
1
Find the US States - No Outlines Minefield
2
Find the Countries of Europe - No Outlines Minefield
3
The Countries of the World
4
Find the US States
5
Risky Map Clicking: Biggest States A-Z
6
US States
7
Popular People in 1961
8
Movies - When Are They Set?
More Movies Quizzes
5-Star Box Office Actresses
Published
Trending Quizzes
Risky Map Clicking: Least Populous States A-Z
1-10 Letter G Words
USA Borders Longest to Shortest
1-10 Letter F Words
Countries of the World: 200 Million BC
Recently Updated
Leaping Animals
pecheneg
Reality TV Shows (A-Z)
bhenderson79
Rickey Henderson's Hall of Fame Teammates
pecheneg
Champions League XIs: Arsenal
pecheneg
Quick Pick: Celebrities in WWE's Hall of Fame
aduchscher
A-Z Keypad Blitz II
pecheneg
Multiple Oscar Actors
pecheneg
Mystery Phrase Blitz: Oscar 'Best Actors'
pecheneg
F. Scott Fitzgerald Novels
LTH
Pick 3 Villains
ddd62291
Trending Topics
Marvel
Anime
NBA
Kpop
Disney
Harry Potter
Crossword
Soccer
Country
NFL
Song
Puzzle
WWE
Pokémon
The Office
Your Account Isn't Verified!
In order to create a playlist on Sporcle, you need to verify the email address you used during registration. Go to your
Sporcle Settings
to finish the process.
Report this User
Report this user for behavior that violates our
Community Guidelines
.
Details:
Send Report
Go to the Sporcle.com Mobile Site →
Comments